| 000 | 01348cam a22003495a 4500 | ||
|---|---|---|---|
| 003 | EG-ScBUE | ||
| 005 | 20220703094540.0 | ||
| 008 | 150824t2004 enka f 001 0 eng d | ||
| 020 | _z9780521653978 | ||
| 020 | _z9770520527 | ||
| 040 |
_aEG-ScBUE _beng _erda _cEG-ScBUE _dEG-ScBUE |
||
| 082 | 0 | 4 |
_a428.24 _bMCC _222 |
| 100 | 1 |
_aMcCarthy, Michael. _eauthor. |
|
| 245 | 1 | 0 |
_aEnglish vocabulary in use, _pAdvanced / _cMichael McCarthy, Felicity O’Dell. |
| 246 | 3 | 4 |
_aEnglish vocabulary in use : _badvanced : 100 units of vocabulary reference and practice self-study and classroom use |
| 246 | 3 | 4 | _aAdvanced |
| 250 | _aEgyption edition. | ||
| 264 | 1 |
_aCambridge, United Kingdom : _bCambridge University Press ; _aCairo, Egypt : _bThe Anglo-Egyption Bookshop, _c2004. |
|
| 300 |
_a315 pages : _billustrations ; _c25 cm |
||
| 336 |
_2rdacontent _atext _btxt |
||
| 337 |
_2rdamedia _aunmediated _bn |
||
| 338 |
_2rdacarrier _avolume _bnc |
||
| 500 | _aFirst published : 2002. | ||
| 500 | _aIncludes index. | ||
| 590 | _aMohamed. | ||
| 650 | 7 |
_aEnglish language _xTextbooks for foreign speakers. _2BUEsh |
|
| 650 | 7 |
_aEnglish language _xGrammar _xProblems, exercises, etc. _2BUEsh |
|
| 653 |
_bHHUUEENN _cJuly2019 |
||
| 655 |
_vReading book _934232 |
||
| 700 | 1 |
_aO’Dell, Felicity, _c1947- _eauthor. _95024 |
|
| 942 |
_cBB _k428.24 MCC _2ddc |
||
| 999 |
_c8497 _d8497 |
||